000 00370nam a2200157Ia 4500
008 230312s9999||||xx |||||||||||||| ||und||
020 _a9788131726624
082 _a621.317
_bSIV-P
100 _aSivanagaraju, S.
245 0 _aPower System Operation and Control
260 _bPearson
_aIndia
300 _a589
546 _aEng.
650 _aEngineering
942 _cBK
999 _c4694
_d4694